• 首页
  • 本馆介绍
  • 公告通知
  • 最新文献
  • 馆藏检索
  • 电子资源
  • 读者导购
  • 参考咨询
  • 我的图书馆
  • 登录
  • 详细信息显示
  • 放入我的书架
  • 预约/预借图书
  • 作者相关作品
  • 分类相关作品
  • 丛书相关作品
  • 出版社相关作品

书目信息

  • 表格格式
  • 工作单格式
  • 卡片格式
题名:
信号与系统
    
 
作者: 徐守时 编著
分册:  
出版信息: 北京   清华大学出版社  2008
页数: 23,692页
开本: 26cm
丛书名:
单 册:
中图分类: TN911.6
科图分类:
主题词: 信号理论--高等学校--教材 , 信号系统--高等学校--教材 , 信号理论 , 信号系统
电子资源:
ISBN: 978-7-302-17481-3
000 01006nam0 2200289 450
001 100428513638
005 20110225082307.76
010    @a978-7-302-17481-3@dCNY59.00
035    @a003950310
100    @a20081022d2008 em y0chiy0110 ea
101 0  @achi
102    @aCN@b110000
105    @ay z 000yy
106    @ar
200 1  @a信号与系统@9xin hao yu xi tong@f徐守时编著
210    @a北京@c清华大学出版社@d2008
215    @a23,692页@d26cm
300    @a普通高等教育“十一五”国家级规划教材 教育部高等学校电子电气基础课程教学指导分委员会推荐教材 电子信息学科基础课程系列教材
330    @a本书共十一章,讲述了信息和系统的数学描述及性质;LTI系统的时域分析和信息卷积运算;用微分方程和差分方程描述的系统等内容。
606 0  @a信号理论@x高等学校@j教材
606 0  @a信号系统@x高等学校@j教材
606 0  @a信号理论
606 0  @a信号系统
690    @aTN911.6@v4
701  0 @a徐守时@9xu shou shi@c(教授)@4编著
801  0 @aCN@bNLC@c20110225
905    @b205991569-596@h599156-59@dTN911.6@e131@f4
    
    信号与系统/徐守时编著.-北京:清华大学出版社,2008
    23,692页;26cm
    普通高等教育“十一五”国家级规划教材 教育部高等学校电子电气基础课程教学指导分委员会推荐教材 电子信息学科基础课程系列教材
    
    ISBN 978-7-302-17481-3:CNY59.00
    本书共十一章,讲述了信息和系统的数学描述及性质;LTI系统的时域分析和信息卷积运算;用微分方程和差分方程描述的系统等内容。
●
相关链接 在E读中查询图书 在五车中查询图书 在当当中查询图书 在豆瓣中查询图书


正题名:信号与系统     索取号:TN911.6/131         预约/预借

序号 登录号 条形码 馆藏地/架位号 状态 备注
1 599156   205991569   第二样本阅览室/ [索取号:TN911.6/131] 在馆    
2 599157   205991578   第三借阅区/ [索取号:TN911.6/131] 在馆    
3 599158   205991587   第三借阅区/ [索取号:TN911.6/131] 在馆    
4 599159   205991596   计算机科学系资料室/ [索取号:TN911.6/131] 在馆    
唐山师范学院图书馆 欢迎您!
大连网信软件有限公司© 版权所有